LEADER 00836nam a2200205 i 4500 001 000000154658 003 CaOOAMICUS 005 20061023000000.0 008 061023s1952 it u000 u ita u 013 $a132004 040 $aSeMil$bita 100 1 $a* Intestazione al titolo.$0(OLS)http://semarc/name/176 245 13$aIl Battistero di Varese e la sua rinascita. 260 $a[S.l. :$bs.n.],$c1952$e(Milano :$fOfficine grafiche Esperia,$g1952) 300 $a69 p. :$bill. ;$c29 cm. 650 4$aVarese - Battistero di San Giovanni.$0(OLS)http://semarc/subject/15761 850 $aSeMil 852 $aSeMil$W1$xVenegono$y1$m5M IX 36$j106514$B106514$CSeMilBibl$Z2$F115725 $8I 996 $6245$aIl Battistero di Varese e la sua rinascita$9(OLS)http://semarc/title/226360 996 $6260$a[S.l. :$bs.n.]$9(OLS)http://semarc/publisher/29751 LEADER 01102nam a2200277 i 4500 001 000000236228 003 CaOOAMICUS 005 20141126000000.0 008 141126s2007 it u000 u ita u 013 $a215132 020 $a978-88-399-2182-6 040 $aSeMil$bita 100 1 $aSchottroff, Luise.$0(OLS)http://semarc/name/30738 240 14$aDie Gleichnisse Jesu.$0(OLS)http://semarc/title/336680 245 13$aLe parabole di Gesł /$cLuise Schottroff. 260 $aBrescia :$bQueriniana,$c2007. 300 $a395 p. ;$c23 cm. 490 0 $aIntroduzioni e trattati ;$v32 650 4$aBibbia - NT - Parabole.$0(OLS)http://semarc/subject/4616 830 0$aIntroduzioni e trattati ;$v32.$0(OLS)http://semarc/title/6007 850 $aSeMil 852 $aSeMil$W1$xVenegono$y1$m2V IV 247$j186574$B186574$CSeMilBibl$Z2$F197924 $81 961 $aLascito: Serenthą don Mario 996 $6020$a978-88-399-2182-6$9(OLS)http://semarc/number/241237 996 $6245$aLe parabole di Gesł$9(OLS)http://semarc/title/46985 996 $6260$aBrescia :$bQueriniana$9(OLS)http://semarc/publisher/29615